Financial reporting: profit and provisions (Record no. 94529)

MARC details
000 -LEADER
fixed length control field 00514cam a2200193 4500
001 - CONTROL NUMBER
control field D1269
008 - FIXED-LENGTH DATA ELEMENTS--GENERAL INFORMATION
fixed length control field 090401t1982 xxu||||| |||| 00| 0 eng d
035 ## - SYSTEM CONTROL NUMBER
System control number (Sirsi) u63313
041 ## - LANGUAGE CODE
Language code of text/sound track or separate title eng
050 ## - LIBRARY OF CONGRESS CALL NUMBER
Classification number 657.3
100 ## - MAIN ENTRY--PERSONAL NAME
Personal name Barrett, F.R.
245 ## - TITLE STATEMENT
Title Financial reporting: profit and provisions
260 ## - PUBLICATION, DISTRIBUTION, ETC.
Place of publication, distribution, etc. Ascot, Berks
Name of publisher, distributor, etc. The Chartered Institute of Building
Date of publication, distribution, etc. 1982
300 ## - PHYSICAL DESCRIPTION
Extent 4p. 30cm
350 ## - PRICE (NR) (BK AM CF MU VM SE) [OBSOLETE]
Price 0
490 ## - SERIES STATEMENT
Series statement CIOB Technical Information Service
-- Surveying
Volume/sequential designation 12
942 ## - ADDED ENTRY ELEMENTS (KOHA)
Suppress in OPAC 0
948 ## - LOCAL PROCESSING INFORMATION (OCLC); SERIES PART DESIGNATOR (RLIN)
c (OCLC) 04/03/1997
Holdings
Withdrawn status Lost status Source of classification or shelving scheme Damaged status Not for loan Home library Current library Shelving location Date acquired Total Checkouts Full call number Barcode Date last seen Date last checked out Copy number Price effective from Koha item type
    Dewey Decimal Classification     London London Enquiry desk 12/11/1992 1 BOXED SET 30030999 06/08/2019 16/01/2002 1 06/08/2019 Book